000 00462nam a2200157 4500
001 116154
003 ES-MaACL
005 20230906190640.0
007 t|
008 061121s1978 sp r ||||1| spa d
100 0 _aParís Eguilaz, Higinio.
_989148
245 1 0 _aInforme al pueblo español /
_cHiginio Paris Eguilaz.
260 _aMadrid :
_b[s.n.],
_c1978 (
_fSuc. J. Sánchez de Ocaña)
300 _a207 p. ;
_c24 cm.
852 _aES-MaACL
_jA-8202
_bR.97416
999 _c116154
_d116154